000
00335nam a22001457a 4500
999
_c
11972
_d
11972
020
_a
978-1133957799
082
_a
302
100
_a
Roy F.Baumeister
245
_a
Social Psychology Human Nature
250
_a
3rd Edition
260
_a
Australia
_b
Cengage Learning
_c
2014
300
_a
832
650
_a
Psychology
942
_c
BK